000 00212 a2200097 4500
001 27472
100 _aBird, G A
245 _aMolecular Gas dynamics
260 _a
_bClorandon Press
_c1976
090 _c18266
_d18266
942 _aNUST-CAE
_cM
_c9187
999 _c262545
_d262545